PRINCIPLES OF PHYSICAL CHEMISTRY (Record no. 9273)

MARC details
000 -LEADER
fixed length control field 00543nam a22001577a 4500
003 - CONTROL NUMBER IDENTIFIER
control field SGT
020 ## - INTERNATIONAL STANDARD BOOK NUMBER
International Standard Book Number 97893822956785
082 ## - DEWEY DECIMAL CLASSIFICATION NUMBER
Classification number 541
100 ## - MAIN ENTRY--PERSONAL NAME
Personal name PURI
245 ## - TITLE STATEMENT
Title PRINCIPLES OF PHYSICAL CHEMISTRY
260 ## - PUBLICATION, DISTRIBUTION, ETC. (IMPRINT)
Place of publication, distribution, etc NEW DELHI
Name of publisher, distributor, etc VPC
Year of Publication 2015-2016
300 ## - PAGE DESCRIPTION
No. of Pages 1366
650 ## - SUBJECT ADDED ENTRY--TOPICAL TERM
Topical term or geographic name as entry element PHYSICAL CHEMISTRY
653 ## - KEYWORDS--INDEX TERM
Keyword term MATHEMATICAL CONCEPTS,QUANTUM MECHANICS-I WAVE MECHANICAL TREATMENT OF SIMPLE SYSTEMS,GROUP THEORY PART I :BASIC CONCEPTS,APPLICATIONS,MOLECULAR SPECTROSCOPY,THE GASEOUS STATE PART :REAL GASES,THERMOCHEMISTRY,
942 ## - ADDED ENTRY ELEMENTS (KOHA)
Source of classification or shelving scheme Dewey Decimal Classification
Koha item type FPS Books
942 ## - ADDED ENTRY ELEMENTS (KOHA)
-- 15
Holdings
Withdrawn status Lost status Source of classification or shelving scheme Damaged status Not for loan Collection code Home library Current library Shelving location Date acquired Vendor Name Cost, normal purchase price SGTU Bill Number Total Checkouts Full call number Accession No. (Barcode) Date last seen Date last borrowed Bill Date Koha item type
    Dewey Decimal Classification   Not For Loan SCIENCE SGT Science & Social Sciences Library SGT Science & Social Sciences Library Reference Book 28/06/2016 KRITI PRAKASHAN 680.00 SGTU 2947 2 541,PUR PS915 31/08/2019 31/08/2019 15/09/2015 FPS Books
    Dewey Decimal Classification     SCIENCE SGT Science & Social Sciences Library SGT Science & Social Sciences Library Text Book 28/06/2016 KRITI PRAKASHAN 680.00 SGTU 2947 54 541,PUR PS916 13/05/2026 13/05/2026 15/09/2015 FPS Books